000 012730000a22002290004500
020 _a84-85840-57-7
082 0 4 _aG 155.5 M375p
100 1 _aMartí, Eduardo (Coord.)
245 1 0 _aPsicología del desarrollo : el mundo del adolescente / Coordinado por Eduardo Martí , Javier Onrubia ; Alfredo Fierro , Mercè García-Milá , Inés de Gispert
250 _a3
260 _aBarcelona : ICE Universitat Barcelona , Horsori
440 0 _aCol. Cuadernos de formación del profesorado: educación secundaria ; no.8
501 _arústico
505 0 0 _aEl papel de la escuela en el desarrollo del adolescente (Javier Onrubia) -- El cuerpo cambiante del adolescente (Eduardo Martí) -- El pensamiento del adolescente (Marcè García-Milà y Eduardo Marí) -- La construcción de la identidad personal (Alfredo Fierro) -- LA organización de la vida social en la adolescencia (Inés de Gispert) -- Supuestos práctico y actividades complementarias
650 1 4 _aNIÑOS - CRECIMIENTO - ADOLESCENTE \ DESARROLLO DE LA PERSONALIDAD - ADOLESCENTE \ PSICOLOGIA INFANTIL - ADOLESCENTE
700 1 _aFierro, Alfredo (1936-)
001 2522
942 _cBK
999 _c33343
_d33343
336 _atexto
_btxt
_2rdacontent
337 _2rdamedia
_asin mediación
_bn
338 _2rdacarrier
_avolumen
_bnc